EXERCICES IN PLANT PHYSIOLOGY (Record no. 5675)

MARC details
000 -LEADER
fixed length control field 00426nam a22001697a 4500
005 - DATE AND TIME OF LATEST TRANSACTION
control field 20180123130853.0
008 - FIXED-LENGTH DATA ELEMENTS--GENERAL INFORMATION
fixed length control field 180123b xxu||||| |||| 00| 0 eng d
020 ## - INTERNATIONAL STANDARD BOOK NUMBER
ISBN 978-93-85998-81-2
041 ## - LANGUAGE CODE
Language code of text/sound track or separate title eng
082 ## - DEWEY DECIMAL CLASSIFICATION NUMBER
Classification number 571.2
100 ## - MAIN ENTRY--AUTHOR NAME
Personal name DEVLIN, ROBERT M. AND OTHERS
245 ## - TITLE STATEMENT
Title EXERCICES IN PLANT PHYSIOLOGY
250 ## - EDITION STATEMENT
Edition statement 2 ed
260 ## - PUBLICATION, DISTRIBUTION, ETC. (IMPRINT)
Name of publisher MEDTECH SCIENTIFIC INTERNATIONAL PVT LTD
300 ## - PHYSICAL DESCRIPTION
Number of Pages 324p
942 ## - ADDED ENTRY ELEMENTS (KOHA)
Koha item type Books
Holdings
Lost status Damaged status Collection code Home library Current library Shelving location Date acquired Source of acquisition Cost, normal purchase price Full call number Accession Number Koha item type
    Reference JRU Library JRU Library SHELF-2-C 23/01/2018 DONATION 495.00 571.2 22314 Books